Computer Systems Architecture (Record no. 3693)
[ view plain ]
| 000 -LEADER | |
|---|---|
| fixed length control field | 00369nam a2200157Ia 4500 |
| 008 - FIXED-LENGTH DATA ELEMENTS--GENERAL INFORMATION | |
| fixed length control field | 191201s2008 xx 000 0 und d |
| 020 ## - INTERNATIONAL STANDARD BOOK NUMBER | |
| International Standard Book Number | 9788131700709 |
| 082 ## - DEWEY DECIMAL CLASSIFICATION NUMBER | |
| Classification number | 004.22 |
| Item number | MAC |
| 100 ## - MAIN ENTRY--PERSONAL NAME | |
| Personal name | Mano, M. Morris |
| 245 #0 - TITLE STATEMENT | |
| Title | Computer Systems Architecture |
| 250 ## - EDITION STATEMENT | |
| Edition statement | 2nd |
| 260 ## - PUBLICATION, DISTRIBUTION, ETC. (IMPRINT) | |
| Place of publication, distribution, etc | N.Delhi |
| Name of publisher, distributor, etc | pearson |
| Date of publication, distribution, etc | 2008 |
| 300 ## - PHYSICAL DESCRIPTION | |
| Extent | 520 |
| 650 ## - SUBJECT ADDED ENTRY--TOPICAL TERM | |
| Topical term or geographic name as entry element | MCA |
| 942 ## - ADDED ENTRY ELEMENTS (KOHA) | |
| Source of classification or shelving scheme | Dewey Decimal Classification |
| Koha item type | Text Books |
| 942 ## - ADDED ENTRY ELEMENTS (KOHA) | |
| -- | 19 |
| Withdrawn status | Lost status | Source of classification or shelving scheme | Damaged status | Not for loan | Collection code | Home library | Current library | Date acquired | Source of acquisition | Cost, normal purchase price | Bill Number | Total Checkouts | Full call number | Acc. no. / Barcode | Checked out | Date last seen | Date last borrowed | Bill Date | Koha item type |
|---|---|---|---|---|---|---|---|---|---|---|---|---|---|---|---|---|---|---|---|
| Dewey Decimal Classification | MCA | PIET C-LIBRARY | PIET C-LIBRARY | 22/12/2008 | J B C, New Delhi | 225.00 | SI-4665 | 5 | 004.22 MAC | 10701 | 23/08/2024 | 09/08/2024 | 09/08/2024 | 13/12/2008 | Text Books | ||||
| Dewey Decimal Classification | MCA | PIET C-LIBRARY | PIET C-LIBRARY | 22/12/2008 | J B C, New Delhi | 225.00 | SI-4665 | 3 | 004.22 MAC | 10702 | 11/12/2023 | 27/11/2023 | 13/12/2008 | Text Books | |||||
| Dewey Decimal Classification | MCA | PIET C-LIBRARY | PIET C-LIBRARY | 22/12/2008 | J B C, New Delhi | 225.00 | SI-4665 | 1 | 004.22 MAC | 10703 | 11/01/2021 | 10/11/2020 | 13/12/2008 | Text Books | |||||
| Dewey Decimal Classification | MCA | PIET C-LIBRARY | PIET C-LIBRARY | 22/12/2008 | J B C, New Delhi | 225.00 | SI-4665 | 1 | 004.22 MAC | 10704 | 03/01/2022 | 17/12/2021 | 13/12/2008 | Text Books | |||||
| Dewey Decimal Classification | MCA | PIET C-LIBRARY | PIET C-LIBRARY | 22/12/2008 | J B C, New Delhi | 225.00 | SI-4665 | 4 | 004.22 MAC | 10705 | 16/11/2023 | 03/11/2023 | 13/12/2008 | Text Books | |||||
| Dewey Decimal Classification | Computer Science & Engineering in Cyber Security | PIET C-LIBRARY | PIET C-LIBRARY | 22/12/2008 | J B C, New Delhi | 225.00 | SI-4665 | 3 | 004.22 MAC | 10706 | 12/12/2023 | 07/12/2023 | 13/12/2008 | Text Books | |||||
| Dewey Decimal Classification | Computer Science & Engineering in Cyber Security | PIET C-LIBRARY | PIET C-LIBRARY | 22/12/2008 | J B C, New Delhi | 225.00 | SI-4665 | 2 | 004.22 MAC | 10707 | 05/12/2022 | 25/11/2022 | 13/12/2008 | Text Books | |||||
| Dewey Decimal Classification | Computer Science & Engineering in Cyber Security | PIET C-LIBRARY | PIET C-LIBRARY | 22/12/2008 | J B C, New Delhi | 225.00 | SI-4665 | 2 | 004.22 MAC | 10708 | 02/03/2022 | 03/01/2022 | 13/12/2008 | Text Books | |||||
| Dewey Decimal Classification | Computer Science & Engineering in Cyber Security | PIET C-LIBRARY | PIET C-LIBRARY | 22/12/2008 | J B C, New Delhi | 225.00 | SI-4665 | 4 | 004.22 MAC | 10709 | 28/04/2026 | 09/04/2026 | 13/12/2008 | Text Books | |||||
| Dewey Decimal Classification | Computer Science & Engineering in Cyber Security | PIET C-LIBRARY | PIET C-LIBRARY | 22/12/2008 | J B C, New Delhi | 225.00 | SI-4665 | 5 | 004.22 MAC | 10710 | 24/12/2024 | 05/07/2024 | 13/12/2008 | Text Books |